000 00443nam a22001577a 4500
005 20251108164116.0
008 250721s1979 xx 000 0 ara d
082 1 4 _a025.3/عبد
100 1 _aعبد الهادي، محمد فتحي
245 1 0 _aالمدخل إلى علم الفهرسة /
264 1 _aالقاهرة :
_bمكتبة غريب،
_c1979.
300 _a461ص.
650 1 7 _aالفهرسة
942 _2ddc
_cBK
999 _c3849
_d3849